Yanka, yanka / (Registro nro. 11927)

Detalles MARC
000 -LIDER
fixed length control field 00841cam a2200313 i 4500
001 - NÚMERO DE CONTROL
Identificador de número de control 0000815
003 - IDENTIFICACDOR DE NÚMERO DE CONTROL
control field DO-SdBNP
005 - DATE AND TIME OF LATEST TRANSACTION
control field 20180213150306.0
007 - CAMPOS FIJOS DE DESCRIPCIÓN FÍSICA
fixed length control field 0000815
008 - ELEMENTOS DE LONGITUD FIJA
fixed length control field 100514s 2004 mx a | |||| 000 f spa
015 ## - NÚMERO DENTRO DE LA BIBLIOGRAFÍA NACIONAL
National bibliography number
017 ## - NÚMERO DE REGISTRO DE DERECHOS DE AUTOR
Copyright or legal deposit number
Assigning agency
020 ## - ISBN
International Standard Book Number 9789681914301
035 ## - NÚMERO LOCAL
System control number
040 ## - FUENTE DE CATALOGACIÓN
Agencia que crea de manera original el registro BPMSU
Idioma de catalogación spa
Agencia que realiza la transcripción BPMSU
Convenciones de la despripción
080 ## - NÚMERO DE CLASIFICACIÓN DECIMAL UNIVERSAL
Universal Decimal Classification number
100 1# - ASIENTO PRINCIPAL -- NOMBRE PERSONAL
Nombre personal Hinojosa, Francisco
Fechas asociadas con el nombre 1954-
245 10 - MENCIÓN DE TITULO
Título Yanka, yanka /
Mención de responsabilidad Francisco Hinojosa ; ilustraciones El fisgón
Medio (Designación general de material)
250 ## - MENCIÓN DE EDICION
Mención de edición 7a. reimpr.
260 ## - PUBLICACIÓN, DISTRIBUCIÓN, ETC. (PIE DE IMPRENTA)
Lugar de publicación, distribución, etc México :
Nombre del editor, distribuidor, etc. Alfaguara,
-- Grupo Santillana,
Fecha de publicación, distribución, etc 2004.
Impresor 2008.
300 ## - DESCRIPCIÓN FÍSICA
Extensión 31 p.:
Otros detalles físicos il.
Dimensiones 19 m
490 1# - MENCIÓN DE SERIES
Mención de serie Alfaguara infantil
521 ## - TARGET AUDIENCE NOTE
Target audience note A partir de 6 años.
700 12 - ASIENTO SECUNDARIO -- NOMBRE PERSONAL
Nombre personal El Fisgón
Mención de responsabilidad il.
830 #0 - ASIENTO SECUNDARIO DE SERIE--TÍTULO UNIFORME
Título uniforme Alfaguara infantil
942 ## - ADDED ENTRY ELEMENTS (KOHA)
Source of classification or shelving scheme Dewey Decimal Classification
Koha item type Libros
945 ## - INFORMACIÓN DE PROCESAMIENTO LOCAL
Información de procesamiento local Inventariado, 2018/ YL
956 ## - LOCAL ELECTRONIC LOCATION AND ACCESS (OCLC)
Nombre de host YLOCKWARD
Información de compresión BPMSU
Número de acceso 10
Existencias
Withdrawn status Lost status Source of classification or shelving scheme Damaged status Not for loan Collection code Home library Current library Date acquired Source of acquisition Total Checkouts Barcode Date last seen Price effective from Koha item type Copy number
    Dewey Decimal Classification     Colección Infantil General Biblioteca Pública Metropolitana Salomé Ureña Biblioteca Pública Metropolitana Salomé Ureña 11/14/2016 Donado por Alfaguara   BPMSU16111253 11/14/2016 11/14/2016 Libros  
    Dewey Decimal Classification     Colección Infantil General Biblioteca Pública Metropolitana Salomé Ureña Biblioteca Pública Metropolitana Salomé Ureña 11/14/2016 Donado por Alfaguara   BPMSU16111254 11/14/2016 11/14/2016 Libros e. 2
    Dewey Decimal Classification     Colección Infantil General Biblioteca Pública Metropolitana Salomé Ureña Biblioteca Pública Metropolitana Salomé Ureña 11/14/2016 Donado por Alfaguara   BPMSU16111255 11/14/2016 11/14/2016 Libros e. 3